|
|
|
|
| LEADER |
01219nab#a2200361#ar4500 |
| 001 |
000103425 |
| 003 |
SVKKK |
| 005 |
20101222101109.0 |
| 008 |
080509c2010 xo |||||||||||||||b|eng |
| FMT |
|
|
|
| 015 |
|
|
|a SNBRB2010/12
|
| 038 |
|
|
|a SVKKK
|
| 040 |
|
|
|a SVKKK
|b slo
|e AACR2
|
| 041 |
0 |
|
|a eng
|
| 044 |
|
|
|a xo
|c SK
|
| 080 |
|
|
|a 551.243.1
|2 1997
|
| 080 |
|
|
|a 550.835
|2 1997
|
| 100 |
1 |
|
|a Beidinger, A.
|4 aut
|
| 242 |
1 |
0 |
|a Lasseeanská toková štruktúra aktívneho ľavotočivého zlomového systému Viedenskej panvy: integrované dáta zo seizmológie, tektoniky, geomorfológie a geologického radaru
|
| 245 |
1 |
4 |
|a The Lassee flower structure of the active sinistral Vienna Basin Fault System: integrating data from seismics, tectonic geomorphology and GPR
|c A. Beidinger, K. Decker, H. Roch
|
| 650 |
0 |
4 |
|a zlomové systémy
|x integrované výskumy
|
| 651 |
|
4 |
|a Viedenská panva (Rakúsko)
|x neotektonika
|
| 700 |
1 |
|
|a Decker, K.
|4 aut
|
| 700 |
1 |
|
|a Roch, H.
|4 aut
|
| 773 |
0 |
|
|t Mineralia slovaca
|g Roč. 42, č. 2 (2010)
|x 0369-2086
|
| 773 |
0 |
|
|i Príl.:
|t Geovestník
|g Č. 2 (2010), s. 256
|
| 958 |
|
|
|a AT
|
| 974 |
|
|
|a Ni
|
| 992 |
|
|
|a RBX
|
| BAS |
|
|
|
| 852 |
|
|
|a SVKKK
|b BIB
|
| EXP |
|
|
|
| 998 |
|
|
|a GEO
|